Tipos de Quiz en JetPunk - Estadísticas

Estadísticas generales
  • Esta prueba ha sido intentada 8 veces
  • La puntuación promedio es 4 de 6
Estadísticas de respuestas
Tipos de Quiz % Correcto
Clic
71%
Imágenes
71%
Mapa
71%
Texto
57%
Múltiple elección
43%
Selección de cuadros
43%
No se encontraron pruebas coincidentes
Distribución de puntuación
Porcentaje de gente con cada puntuación
Porcentaje por número respondido
Historial de tus puntuaciones
No has intentado esta prueba.